Financing Small Scale Industries with a Case Study on Arya Samaj Road Branch of State Bank of India Mangalore (Record no. 230070)

MARC details
000 -LEADER
fixed length control field 00429nam a22001337a 4500
005 - DATE AND TIME OF LATEST TRANSACTION
control field 20240306095657.0
008 - FIXED-LENGTH DATA ELEMENTS--GENERAL INFORMATION
fixed length control field 240306b ||||| |||| 00| 0 eng d
040 ## - CATALOGING SOURCE
Transcribing agency AL
041 ## - LANGUAGE CODE
Language code of text/sound track or separate title eng
245 ## - TITLE STATEMENT
Title Financing Small Scale Industries with a Case Study on Arya Samaj Road Branch of State Bank of India Mangalore
260 ## - PUBLICATION, DISTRIBUTION, ETC.
Place of publication, distribution, etc. Mangalore
Name of publisher, distributor, etc. St Aloysius College
Date of publication, distribution, etc. 1997
700 ## - ADDED ENTRY--PERSONAL NAME
Personal name SOANS (Praveen Kumar)
9 (RLIN) 153092
942 ## - ADDED ENTRY ELEMENTS (KOHA)
Source of classification or shelving scheme Dewey Decimal Classification
Koha item type Project Report
Holdings
Withdrawn status Lost status Source of classification or shelving scheme Damaged status Not for loan Collection code Home library Current library Date acquired Total Checkouts Full call number Barcode Date last seen Price effective from Koha item type
    Dewey Decimal Classification   Not for loan Management St Aloysius Library St Aloysius Library 01/25/1999   658.022 FINA D01715 03/06/2024 03/06/2024 Project Report